000 00721cam a2200241 4500
008 090401t1989 xxu||||| |||| 00| 0 eng d
020 _a0851253938
035 _a(Sirsi) u22306
041 _aeng
050 _a693.97
110 _aBuilding Research Establishment
245 _aDorlonco steel framed houses: supplement to the 1987 BRE report.
260 _aGarston, Watford
_bBuilding Research Establishment
_c1989
300 _a(4)p. : ill. ; 30cm.
350 _a3
490 _aBRE Building Renewal
_v149
650 _aDORLONCO STEEL FRAMED HOUSES
650 _aDORMAN LONG AND CO LTD.
650 _aPREFABRICATION
690 _aBUILT ENVIRONMENT-BUILDING PATHOLOGY
942 _n0
948 _c04/03/1997
999 _c88164
_d88164